The Illustrated encyclopeddia of military vehicles : the vehicles of the armed forces in the 20th..

Bibliographic Details
Main Author: Hogg, Ian V
Format: Book
Published: London : New Burlington Books , 1998
Subjects:

MARC

LEADER 00000cam a2200000 7i4500
001 0000001732
002 000001888
005 20000330.0
020 |a 0906286751 
090 0 0 |a 385.74   |b HOG 
100 1 |a Hogg, Ian V 
245 1 4 |a The Illustrated encyclopeddia of military vehicles :   |b the vehicles of the armed forces in the 20th..   |c Ian V.Hogg 
260 |a London :   |b New Burlington Books ,   |c 1998 
300 |a 318p. :   |b ill. ;   |c 30cm. 
650 0 0 |a Military vehicles 
999 |a 034908   |b BUKU   |c RUJUKAN   |e PERPUSTAKAAN KOMUNITI PETALING JAYA